Normal view MARC view
  • Drisgill, Randy

Entry Personal Name

Number of records used in: 0

001 - CONTROL NUMBER

  • control field: 312732

003 - CONTROL NUMBER IDENTIFIER

  • control field: KE-NaSUL

005 - DATE AND TIME OF LATEST TRANSACTION

  • control field: 20250827103809.0

008 - FIXED-LENGTH DATA ELEMENTS

  • fixed length control field: 250827|| aca||aabn | a|a d

040 ## - CATALOGING SOURCE

  • Original cataloging agency: KE-NaSUL
  • Transcribing agency: KE-NaSUL

100 ## - HEADING--PERSONAL NAME

  • Personal name: Drisgill, Randy

670 ## - SOURCE DATA FOUND

  • Source citation: Work cat.: (KE-NaSUL)273464: Drisgill, Randy., Professional SharePoint 2010 branding and user interface design, 2011.

© Strathmore University Library
Madaraka Estate, Ole Sangale Road | P. O. Box 59857 - 00200 City Square, Nairobi, Kenya
(+254) (0)703 034 000/200/300 | (+254) (0)20-607498